000 00317nam a22001337a 4500
008 170831b xxu||||| |||| 00| 0 eng d
020 _a9781256282976
041 _aeng
080 _a070
100 _a40
101 _aMED
245 _aRESEARCH COMPOSITION IN THE DISCIIPLINES
_cBEHREMS.L
942 _2udc
_cBK
999 _c25883
_d25883